Statistics for U.S. Map Minesweeper Randomized (Beginner)

Click here to take the quiz!

General Stats

  • This quiz has been taken 418 times
  • The average score is 14 of 15

Answers on the Map

Answers color-coded by a green-red scale on the quiz's map according to % correct below.
 

Answer Stats

State% Correct
Florida
100%
New Mexico
100%
California
98%
Michigan
98%
Nevada
98%
Oregon
98%
Texas
98%
Alaska
97%
New Hampshire
97%
Ohio
97%
Alabama
96%
Kansas
96%
Washington
96%
Colorado
95%
Kentucky
95%
North Carolina
95%
Pennsylvania
95%
Utah
95%
Vermont
95%
Wisconsin
94%
Georgia
93%
Louisiana
93%
Virginia
93%
Arizona
92%
Montana
92%
New Jersey
92%
Hawaii
91%
Maine
91%
Minnesota
91%
Mississippi
91%
New York
91%
Missouri
90%
South Carolina
90%
West Virginia
90%
Idaho
89%
Wyoming
89%
North Dakota
88%
Rhode Island
88%
Tennessee
88%
Connecticut
86%
Illinois
86%
Iowa
86%
Nebraska
86%
South Dakota
86%
Indiana
85%
Massachusetts
83%
Arkansas
80%
Maryland
80%
Oklahoma
80%
Delaware
78%

Score Distribution

Percentile by Number Answered

Percent of People with Each Score

Your Score History

You have not taken this quiz